Οικονομική των Μεταφορών / Γ' Έκδοση (Record no. 4171)
[ view plain ]
| 000 -LEADER | |
|---|---|
| fixed length control field | 01564cam a22001934a 4500 |
| 005 - ΗΜΕΡΟΜΗΝΙΑ ΚΑΙ ΩΡΑ ΤΕΛΕΥΤΑΙΑΣ ΕΝΗΜΕΡΩΣΗΣ | |
| Πεδίο ελέγχου | 20250605164138.0 |
| 008 - FIXED-LENGTH DATA ELEMENTS--GENERAL INFORMATION | |
| Πεδίο ελέγχου σταθερού μήκους | 250528s ||||||||||||||||||||||||d |
| 035 ## - SYSTEM CONTROL NUMBER | |
| System control number | 18864 |
| 040 ## - ΠΗΓΗ ΚΑΤΑΛΟΓΟΓΡΑΦΗΣΗΣ | |
| Φορέας πρωτότυπης καταλογογράφησης | MC Athens Campus Library |
| Γλώσσα καταλογογράφησης | Ελληνικά, Μοντέρνα (1453-) |
| Modifying agency | MC Athens Campus Library |
| Κανόνες περιγραφικής καταλογογράφησης | AACR2 |
| 245 1# - ΤΙΤΛΟΣ ΚΑΙ ΔΗΛΩΣΗ ΥΠΕΥΘΥΝΟΤΗΤΑΣ | |
| Τίτλος | Οικονομική των Μεταφορών / Γ' Έκδοση |
| 260 ## - PUBLICATION, DISTRIBUTION, ETC. | |
| Date of publication, distribution, etc. | 2006 |
| 300 ## - PHYSICAL DESCRIPTION | |
| Extent | 368 |
| 520 ## - SUMMARY, ETC. | |
| Summary, etc. | Το βιβλίο απευθύνεται τόσο στους επαγγελματίες μηχανικούς και οικονομολόγους, που ασχολούνται με τις μεταφορές, όσο και στους φοιτητές των Πολυτεχνειών και των Οικονομικών Σχολών. Μεταφορές και Οικονομία, Το Εθνικό και Παγκοσμιοποιημένο Οικονομικό Περιβάλλον, Ζήτηση και Προσφορά στην Αγορά των Μεταφορών, Κόστος Μεταφοράς, Μοντέλα Ζήτησης, Εμπορική και Τιμολογιακή Πολιτική, Μέθοδοι Αξιολόγησης Συγκοινωνιακών Έργων, Εφαρμογές Αξιολόγησης Συγκοινωνιακών Έργων, Μεταφορές και Περιβάλλον, Δίκαιο των Μεταφορών, Κοινοτοική Πολιτική Μεταφορών, Βιβλιογραφία, Δείκτης Όρων. |
| 700 1# - ΠΡΟΣΘΕΤΗ ΑΝΑΓΡΑΦΗ--ΦΥΣΙΚΟ ΠΡΟΣΩΠΟ | |
| Personal name | Προφυλλιδης Β |
| 9 (RLIN) | 5138 |
| 700 1# - ΠΡΟΣΘΕΤΗ ΑΝΑΓΡΑΦΗ--ΦΥΣΙΚΟ ΠΡΟΣΩΠΟ | |
| Personal name | Σ. & Μ. Γιαχούλης |
| 9 (RLIN) | 5139 |
| 942 ## - ADDED ENTRY ELEMENTS (KOHA) | |
| Koha item type | Books |
| Τύπος τεκμηρίου | Βιβλιοθήκη | Τρέχουσα τοποθεσία | Barcode | Αριθμός εισαγωγής | Ημερομηνία απόκτησης | Ταξιθετικό σύμβολο | Αριθμός αντιτύπου | Κατάσταση απόσυρσης | Κατάσταση χαμένου | Κατάσταση κατεστραμμένου | Μη δανεισμός | Σύνολο δανεισμών | Ημερομηνία τελευταίας εμφάνισης | Η τιμή ισχύει από |
|---|---|---|---|---|---|---|---|---|---|---|---|---|---|---|
| Books | MC Athens Campus Library | MC Athens Campus Library | 9780000041708 | 3777 | 05/06/2025 | 388.049 PRO | 1 | 05/06/2025 | 05/06/2025 |